|
|
|
|
| LEADER |
00000cam a2200000 7i4500 |
| 001 |
0000002824 |
| 005 |
20040303.0 |
| 090 |
0 |
0 |
|a 639.9909595119
|b BIO 1999
|
| 245 |
0 |
0 |
|a BIODIVERSITY survey of the mangroves of Johor :
|b flora and vegetation
|
| 260 |
0 |
0 |
|a (s.d. :
|b s.l.) ,
|c 1999
|
| 300 |
|
|
|a ix, 65 p. :
|b ill. ;
|c 30 cm.
|
| 440 |
0 |
0 |
|a Project document; no. 7
|
| 500 |
0 |
0 |
|a Bibliography : p. 50
|
| 650 |
0 |
0 |
|a Mangrove ecology
|z Johor
|
| 650 |
0 |
0 |
|a Mangrove plants
|z Johor
|
| 650 |
0 |
0 |
|a Plant conservation
|z Johor
|
| 710 |
1 |
1 |
|a Danish Cooperation for Environment and Development (DANCED)
|
| 710 |
1 |
1 |
|a Malaysia ,
|c Johor State Forestry Department
|
| 998 |
|
|
|a JPSM
|
| 999 |
|
|
|a 0000004487
|b Monograph
|c Open Shelf
|e Default branch
|